Komparácia daňového systému Slovenskej republiky a Španielského kráľovstva diplomová práca

Uložené v:
Podrobná bibliografia
Hlavný autor: Mikuš, Roman
Korporativný autor: Fakulta podnikového manažmentu EU. Katedra podnikových financií
Ďalší autori: Ďurinová, Ivona, 1964-
Médium: Kniha
Jazyk:Slovak
Vydavateľské údaje: Bratislava 2008
Tagy: Pridať tag
Žiadne tagy, Buďte prvý, kto otaguje tento záznam!

MARC

LEADER 00000nam$a2200000$$$4500
001 0088911
005 20240201115405.0
041 0 |a slo 
044 |a SK 
245 1 0 |a Komparácia daňového systému Slovenskej republiky a Španielského kráľovstva  |b diplomová práca  |c Roman Mikuš ; škol. Ivona Ďurinová 
264 1 |a Bratislava  |c 2008 
300 |a 84 s. 
100 1 |a Mikuš, Roman 
700 1 |a Ďurinová, Ivona, 1964- 
710 2 |a Fakulta podnikového manažmentu EU. Katedra podnikových financií